000 00250nam a2200085Ia 4500
245 0 _aStart and run an Internet business
100 _a Strange, Carol Anne Oxford, 2009 2nd ed
_996100
942 _cBK
008 210817s9999 xx 000 0 und d
999 _c402478
_d402477